| 000 | 09022cam a22021854i 4500 | ||
|---|---|---|---|
| 003 | PE-LiUPU | ||
| 005 | 20250813165809.0 | ||
| 008 | 150706s2009 sp a r 000 0 spa d | ||
| 020 |
_a8495626853 _q(volumenen 1) |
||
| 020 |
_a9788495626851 _q(volumen 1) |
||
| 020 |
_a8495626926 _q(volumen 2) |
||
| 020 |
_a9788495626929 _q(volumen 2) |
||
| 020 |
_a8495626934 _q(volumen 3) |
||
| 020 |
_a9788495626936 _q(volumen 3) |
||
| 035 | _a(Sirsi) i9788495626936 | ||
| 040 |
_aPE-LiUPU _bspa _cPE-LiUPU _dPE-LiUPU _erda |
||
| 049 | _aPRUA | ||
| 082 | 0 | 4 |
_a610.73677 _bE5 _221 |
| 082 | 0 | 4 |
_a610.7367702 _bD37 _220 |
| 245 | 0 | 0 |
_aEnfermería médico-quirúrgica / _ccoordinador, Mercedes de la Fuente Ramos. |
| 246 | 3 | 0 | _aEnfermería médico-quirúrgica |
| 250 | _a2a edición. | ||
| 264 | 1 |
_aMadrid : _bDifusión de Avances de Enfermería, _c2009. |
|
| 300 |
_a2150 páginas : _bilustraciones ; _c28 centímetros. |
||
| 336 |
_atext _2rdacontent |
||
| 337 |
_aunmediated _2rdamedia |
||
| 338 |
_avolume _2rdacarrier |
||
| 490 | 0 | _aEnfermería S 21 | |
| 505 | 0 |
_aTomo 1, _tEnfermería médico-quirúrgica... _aGeneralidades en enfermería médico-quirúrgica -- El paciente quirúrgico -- El paciente con problemas en la oxigenación -- El paciente con problemas cardiacos -- El paciente con problemas vasculares -- Autoevaluación. |
|
| 505 | 0 |
_aTomo 2, _tEnfermería médico-quirúrgica.... _aEl paciente con problemas hematológicos -- El paciente con alteraciones inmunológicas -- Enfermedades reumáticas -- El paciente con alteraciones en el sistema nervioso -- El paciente con alteraciones en el movimiento -- El paciente con alteraciones sensoriales. |
|
| 505 | 0 |
_aTomo 3, _tEnfermería médico-quirúrgica.... _aEl paciente con alteraciones cutáneas -- El paciente con alteraciones gastrointestinales -- El paciente con alteraciones en la eliminación urinaria -- El paciente con alteraciones endocrinas y metabólicas -- Enfermedades infecciosas y transmisibles -- Autoevaluación. |
|
| 526 | _aP203 | ||
| 526 | _aP200 | ||
| 526 | _aSEG65 | ||
| 526 | _aSEG64 | ||
| 526 | _aSEG63 | ||
| 526 | _aSEG62 | ||
| 526 | _aSEG61 | ||
| 526 | _aSEG60 | ||
| 526 | _aSEG59 | ||
| 526 | _aSEG58 | ||
| 526 | _aSEG57 | ||
| 526 | _aSEG56 | ||
| 526 | _aSEG55 | ||
| 526 | _aSEG54 | ||
| 526 | _aSEG53 | ||
| 526 | _aSEG52 | ||
| 526 | _aSEG51 | ||
| 526 | _aSEG50 | ||
| 526 | _aSEG49 | ||
| 526 | _aSEG48 | ||
| 526 | _aSEG47 | ||
| 526 | _aSEG46 | ||
| 526 | _aSEG24 | ||
| 526 | _aSEG23 | ||
| 526 | _aSEG22 | ||
| 526 | _aSEG21 | ||
| 526 | _aSEG20 | ||
| 526 | _aSEG19 | ||
| 526 | _aSEG18 | ||
| 526 | _aSEG17 | ||
| 526 | _aSEG16 | ||
| 526 | _aSEG14 | ||
| 526 | _aSEG13 | ||
| 526 | _aSEG12 | ||
| 526 | _aSEG11 | ||
| 526 | _aSEG10 | ||
| 526 | _aSEG09 | ||
| 526 | _aSEG06 | ||
| 526 | _aSEG05 | ||
| 526 | _aSEG04 | ||
| 526 | _aSEG03 | ||
| 526 | _aSEG02 | ||
| 526 | _aSEG68 | ||
| 526 | _aSEG66 | ||
| 526 | _aSEG45 | ||
| 526 | _aSEG25 | ||
| 526 | _aSEG01 | ||
| 526 | _aP163 | ||
| 526 | _aP162 | ||
| 526 | _aP161 | ||
| 526 | _aP160 | ||
| 526 | _aP159 | ||
| 526 | _aP158 | ||
| 526 | _aP157 | ||
| 526 | _aP156 | ||
| 526 | _aP155 | ||
| 526 | _aP154 | ||
| 526 | _aP153 | ||
| 526 | _aP152 | ||
| 526 | _aP151 | ||
| 526 | _aP150 | ||
| 526 | _aP149 | ||
| 526 | _aP142 | ||
| 526 | _aP141 | ||
| 526 | _aP140 | ||
| 526 | _aP139 | ||
| 526 | _aP138 | ||
| 526 | _aP137 | ||
| 526 | _aP132 | ||
| 526 | _aP131 | ||
| 526 | _aP130 | ||
| 526 | _aP126 | ||
| 526 | _aP125 | ||
| 526 | _aP124 | ||
| 526 | _aP123 | ||
| 526 | _aP115 | ||
| 526 | _aP122 | ||
| 526 | _aP121 | ||
| 526 | _aP116 | ||
| 526 | _a P114 | ||
| 526 | _aP112 | ||
| 526 | _aP111 | ||
| 526 | _aP104 | ||
| 526 | _aP103 | ||
| 526 | _aP102 | ||
| 526 | _aP101 | ||
| 526 | _aP100 | ||
| 526 | _aP96 | ||
| 526 | _aP95 | ||
| 526 | _aP93 | ||
| 526 | _aP92 | ||
| 526 | _aP91 | ||
| 526 | _aP88 | ||
| 526 | _aP83 | ||
| 526 | _aP82 | ||
| 526 | _aP79 | ||
| 526 | _aP78 | ||
| 526 | _aP75 | ||
| 526 | _aP74 | ||
| 526 | _aP71 | ||
| 526 | _aP69 | ||
| 526 | _a P51 | ||
| 526 | _aP49 | ||
| 526 | _aP48 | ||
| 526 | _aP47 | ||
| 526 | _aP33 | ||
| 526 | _aP31 | ||
| 526 | _a P30 | ||
| 526 | _aP29 | ||
| 526 | _aP27 | ||
| 526 | _aP26 | ||
| 526 | _aP25 | ||
| 526 | _aP24 | ||
| 526 | _a P22 | ||
| 526 | _aP10 | ||
| 526 | _aP09 | ||
| 526 | _a P08 | ||
| 526 | _aP06 | ||
| 526 | _aP05 | ||
| 526 | _aP04 | ||
| 526 | _aP01 | ||
| 541 | _g001-000125; | ||
| 541 | _g015-0011594; | ||
| 650 | 0 | 4 |
_aCuidados de enfermería. _93121 |
| 700 | 1 |
_aFuente Ramos, Mercedes de la, _ecoordinador. |
|
| 910 |
_bjv _clch _d20100517 |
||
| 942 |
_2ddc _cBOOK |
||
| 949 |
_a610.7367702 D37 T3 _wDEWEY _c1 _iFJ06283 _lCCODEBUJ1 _mBUJ _p332.00 _r0 _sY _tBOOK _u2015-9-10 _xSALUD _PP22 _0COMPRA _o.STAFF. Colección General Juliaca |
||
| 949 |
_a610.73677 E5 3 e1 _wDEWEY _c1 _i61689 _f2017-2-16 _g1 _lCCODEBUL1 _mBUL _p322.00 _r0 _sY _tBOOK _u2015-7-6 _xSALUD _PP22 _o.STAFF. Colección Ciencias de la Salud |
||
| 949 |
_a610.73677 E5 2014 3 e1 _wDEWEY _c2 _i69315 _f2017-2-16 _g1 _lCCODEBUL1 _mBUL _p125.00 _r0 _sY _tBOOK _u2015-7-6 _xSALUD _PP22 _o.STAFF. Colección General |
||
| 949 |
_a610.73677 E5 2014 3 e2 _wDEWEY _c3 _i69318 _f2017-2-16 _g1 _lCCODEBUL1 _mBUL _p125.00 _r0 _sY _tBOOK _u2015-7-6 _xSALUD _PP22 _o.STAFF. Colección Ciencias de la Salud |
||
| 949 |
_a610.73677 E5 2014 3 e3 _wDEWEY _c4 _i69321 _d2016-10-11 _e2016-10-11 _f2017-2-16 _g1 _lCCODEBUL1 _mBUL _n1 _p125.00 _r0 _sY _tBOOK _u2015-7-6 _xSALUD _PP22 _o.STAFF. Colección Ciencias de la Salud |
||
| 949 |
_a610.73677 E5 1 _wDEWEY _c1 _iFJ06281 _lCCODEBUJ1 _mBUJ _p110.60 _r0 _sY _tBOOK _u2015-9-10 _xSALUD _PP22 _0COMPRA _o.STAFF. Colección General Juliaca |
||
| 949 |
_a610.73677 E5 2 _wDEWEY _c1 _iFJ06283 _lCCODEBUJ1 _mBUJ _p110.60 _r0 _sY _tBOOK _u2015-9-10 _xSALUD _PP22 _0COMPRA _o.STAFF. Colección General Juliaca |
||
| 949 |
_a610.7367702 D37 T3 _wDEWEY _c1 _iFJ06283 _lCCODEBUJ1 _mBUJ _p110.60 _r0 _sY _tBOOK _u2015-9-10 _xSALUD _PP22 _0COMPRA _o.STAFF. Colección General Juliaca |
||
| 994 |
_aC0 _bPEPRU |
||
| 596 | _a1 3 | ||
| 999 |
_a610.73677 E5 2014 3 _wDEWEY _c50845 _i61689 _d50845 _f2021-11-3 _g5 _lCCODEBUL1 _mBUL _p322.00 _q1 _r1 _sY _tBOOK _u2015-7-6 _xSALUD _zP22 _0COMPRA _o.STAFF. Colección Ciencias de la Salud |
||
| 999 |
_a610.73677 E5 2014 3 _wDEWEY _c2 _i69315 _f2021-11-3 _g5 _lCCODEBUL1 _mBUL _p125.00 _r1 _sY _tBOOK _u2015-7-6 _xSALUD _zP22 _0COMPRA _o.STAFF. Colección Ciencias de la Salud |
||
| 999 |
_a610.73677 E5 2014 3 _wDEWEY _c3 _i69318 _f2021-11-3 _g5 _lCCODEBUL1 _mBUL _p125.00 _r1 _sY _tBOOK _u2015-7-6 _xSALUD _zP22 _0COMPRA _o.STAFF. Colección Ciencias de la Salud |
||
| 999 |
_a610.73677 E5 2014 3 _wDEWEY _c4 _i69321 _d2019-11-14 _e2016-10-11 _f2021-11-3 _g5 _lCCODEBUL1 _mBUL _n1 _p125.00 _q3 _r1 _sY _tBOOK _u2015-7-6 _xSALUD _zP22 _0COMPRA _o.STAFF. Colección Ciencias de la Salud |
||
| 999 |
_a610.7367702 D37 T3 _wDEWEY _c1 _iFJ06283 _d2019-3-25 _f2022-1-25 _g3 _lCCODEBUJ1 _mBUJ _p332.00 _q2 _r0 _sY _tBOOK _u2015-9-10 _xSALUD _PP22 _0COMPRA _o.STAFF. Colección General Juliaca |
||
| 999 |
_a610.73677 E5 2014 2 _wDEWEY _c1 _i61688 _f2021-11-3 _g3 _lCCODEBUL1 _mBUL _p125.00 _r1 _sY _tBOOK _u2019-4-10 _xSALUD _zP22 _0COMPRA _o.STAFF. Colección Ciencias de la Salud |
||
| 999 |
_a610.73677 E5 2014 2 _wDEWEY _c2 _i69317 _f2021-11-3 _g3 _lCCODEBUL1 _mBUL _p125.00 _r1 _sY _tBOOK _u2019-4-11 _xSALUD _zP22 _0COMPRA _o.STAFF. Colección Ciencias de la Salud |
||
| 999 |
_a610.73677 E5 2014 2 _wDEWEY _c3 _i69320 _d2019-11-14 _f2021-11-3 _g3 _lCCODEBUL1 _mBUL _p125.00 _q2 _r1 _sY _tBOOK _u2019-4-11 _xSALUD _zP22 _0COMPRA _o.STAFF. Colección Ciencias de la Salud |
||
| 999 |
_a610.73677 E5 2014 2 _wDEWEY _c4 _i69314 _f2021-11-3 _g3 _lCCODEBUL1 _mBUL _p125.00 _r1 _sY _tBOOK _u2019-4-11 _xSALUD _zP22 _0COMPRA _o.STAFF. Colección Ciencias de la Salud |
||
| 999 |
_a610.73677 E5 2014 1 _wDEWEY _c1 _i61690 _d2019-8-8 _f2021-11-3 _g3 _lCCODEBUL1 _mBUL _p125.00 _q2 _r1 _sY _tBOOK _u2019-4-10 _xSALUD _zP22 _0COMPRA _o.STAFF. Colección Ciencias de la Salud |
||
| 999 |
_a610.73677 E5 2014 1 _wDEWEY _c2 _i69316 _f2021-11-3 _g3 _lCCODEBUL1 _mBUL _p125.00 _r1 _sY _tBOOK _u2019-4-11 _xSALUD _zP22 _0COMPRA _o.STAFF. Colección Ciencias de la Salud |
||
| 999 |
_a610.73677 E5 2014 1 _wDEWEY _c3 _i69313 _d2019-11-14 _f2021-11-3 _g3 _lCCODEBUL1 _mBUL _p125.00 _q1 _r1 _sY _tBOOK _u2019-4-11 _xSALUD _zP22 _0COMPRA _o.STAFF. Colección Ciencias de la Salud |
||
| 999 |
_a610.73677 E5 2014 1 _wDEWEY _c4 _i69319 _f2021-11-3 _g3 _lCCODEBUL1 _mBUL _p125.00 _r1 _sY _tBOOK _u2019-4-11 _xSALUD _zP22 _0COMPRA _o.STAFF. Colección Ciencias de la Salud |
||
| 999 |
_a610.73677 E5 1 _wDEWEY _c1 _iFJ06281 _f2022-1-25 _g2 _lREPAIR _mBUJ _r0 _sY _tBOOK _u2019-4-10 |
||
| 999 |
_a610.73677 E5 2 _wDEWEY _c1 _iFJ06282 _f2022-1-25 _g2 _lREPAIR _mBUJ _r0 _sY _tBOOK _u2019-4-10 |
||
| 980 |
_81 _gALBERTO SANCHEZ Responsable de Automatización |
||